| 000 -LEADER |
| fixed length control field |
00414nam a22001457a 4500 |
| 082 ## - DEWEY DECIMAL CLASSIFICATION NUMBER |
| Classification number |
R1064x54 M317/2005 |
| 100 ## - MAIN ENTRY--PERSONAL NAME |
| Personal name |
Gupta, Hari N. |
| 9 (RLIN) |
10452 |
| 245 ## - TITLE STATEMENT |
| Title |
Manpower Profile |
| Remainder of title |
India Yearbook 2005 |
| 260 ## - PUBLICATION, DISTRIBUTION, ETC. (IMPRINT) |
| Place of publication, distribution, etc |
Delhi |
| Name of publisher, distributor, etc |
Institute of Applied Manpower Research |
| Date of publication, distribution, etc |
2006 |
| 300 ## - PHYSICAL DESCRIPTION |
| Extent |
354p. |
| 650 ## - SUBJECT ADDED ENTRY--TOPICAL TERM |
| Topical term or geographic name as entry element |
Occupations |
| 9 (RLIN) |
11056 |
| 650 ## - SUBJECT ADDED ENTRY--TOPICAL TERM |
| Topical term or geographic name as entry element |
Professions |
| 9 (RLIN) |
11057 |
| 650 ## - SUBJECT ADDED ENTRY--TOPICAL TERM |
| Topical term or geographic name as entry element |
India |
| 9 (RLIN) |
11058 |
| 650 ## - SUBJECT ADDED ENTRY--TOPICAL TERM |
| Topical term or geographic name as entry element |
Labor supply |
| 9 (RLIN) |
11059 |